[Event "Daventry 4NCL Easter Open"]
[Site "Daventry"]
[Date "2025.04.19"]
[Round "2.3"]
[White "Baer, Bruce L"]
[Black "Bin-Suhayl, Ieysaa"]
[Result "0-1"]
[WhiteElo "2046"]
[BlackElo "2335"]
[PlyCount "64"]
[EventDate "2025.04.18"]
[EventType "swiss"]
[EventRounds "7"]
[EventCountry "ENG"]
[SourceTitle "BritBase"]
[Source "John Saunders"]
[SourceDate "2025.09.17"]
[SourceVersion "1"]
[SourceVersionDate "2025.09.17"]
[SourceQuality "1"]

1. Nf3 d5 2. g3 c5 3. Bg2 Nc6 4. O-O e5 5. d3 Nf6 6. Bg5 Be7 7. Nfd2 Be6 8. Nc3 Ng8 9. Bxe7 Ngxe7 10. e4 d4 11. Ne2 f6 12. f4 Qd6 13. a3 O-O-O 14. f5 Bf7 15. Nf3 b5 16. g4 Kb7 17. Ng3 Nc8 18. g5 Nb6 19. h4 c4 20. Nh2 Na4 21. Rb1 c3 22. b4 Nb2 23. Qg4 a5 24. bxa5 Qxa3 25. Ra1 Qe7 26. a6+ Kb6 27. g6 Be8 28. Nf3 Ra8 29. Ne2 Rxa6 30. Rae1 b4 31. Nexd4 Nxd4 32. Nxd4 Qc5 0-1

[Event "Daventry 4NCL Easter Open"]
[Site "Daventry"]
[Date "2025.04.19"]
[Round "2.4"]
[White "Vaidyanathan, Adithya"]
[Black "Burrows, Martin P"]
[Result "1-0"]
[WhiteElo "2287"]
[BlackElo "2141"]
[PlyCount "69"]
[EventDate "2025.04.18"]
[EventType "swiss"]
[EventRounds "7"]
[EventCountry "ENG"]
[SourceTitle "BritBase"]
[Source "John Saunders"]
[SourceDate "2025.09.17"]
[SourceVersion "1"]
[SourceVersionDate "2025.09.17"]
[SourceQuality "1"]

1. d4 Nf6 2. Nf3 e6 3. c4 b6 4. Nc3 Bb4 5. Qb3 a5 6. Bg5 Bb7 7. a3 a4 8. Qc2 Bxc3+ 9. Qxc3 h6 10. Bh4 d6 11. Nd2 Nbd7 12. f3 O-O 13. e4 e5 14. d5 Qe8 15. g4 Nh7 16. Qe3 f6 17. Nb1 Nc5 18. Nc3 Nb3 19. Rd1 Nd4 20. Qd3 Ng5 21. Bg2 Ba6 22. Bf2 b5 23. Bxd4 bxc4 24. Qd2 exd4 25. Qxd4 Nf7 26. f4 Qd7 27. h3 Rab8 28. Rd2 Rb3 29. O-O Rfb8 30. Rff2 Kh8 31. Bf3 R3b6 32. Bd1 c5 33. dxc6 Qxc6 34. Bxa4 Qc7 35. Nd5 1-0

[Event "Daventry 4NCL Easter Open"]
[Site "Daventry"]
[Date "2025.04.19"]
[Round "2.5"]
[White "Chan, Sheng Liang Bernard"]
[Black "Hadi, Justin"]
[Result "1/2-1/2"]
[WhiteElo "2177"]
[BlackElo "1977"]
[PlyCount "181"]
[EventDate "2025.04.18"]
[EventType "swiss"]
[EventRounds "7"]
[EventCountry "ENG"]
[SourceTitle "BritBase"]
[Source "John Saunders"]
[SourceDate "2025.09.17"]
[SourceVersion "1"]
[SourceVersionDate "2025.09.17"]
[SourceQuality "1"]

1. d4 d5 2. c4 e6 3. Nc3 Nf6 4. cxd5 exd5 5. Bg5 c6 6. Qc2 h6 7. Bh4 Be7 8. e3 O-O 9. Bd3 Nbd7 10. Nge2 Re8 11. O-O Ne4 12. Bxe7 Qxe7 13. Rae1 Ndf6 14. f3 Nxc3 15. Nxc3 c5 16. Qf2 Be6 17. e4 dxe4 18. Bxe4 cxd4 19. Qxd4 Red8 20. Qf2 Nxe4 21. Rxe4 Qf6 22. Rfe1 Rd7 23. a4 b6 24. Rd1 Rad8 25. Rxd7 Rxd7 26. Qe3 Qd8 27. Qf2 Rd2 28. Re2 Rd3 29. a5 bxa5 30. Qxa7 Qd4+ 31. Qxd4 Rxd4 32. Kf2 Rb4 33. Ke1 a4 34. Nb1 Bf5 35. Na3 g5 36. Re5 Be6 37. Rb5 Rh4 38. h3 Rd4 39. Nc2 Rc4 40. Kd2 Kg7 41. Rb4 Kf6 42. Kd3 Rc8 43. Nd4 Ra8 44. Nxe6 fxe6 45. h4 a3 46. bxa3 Rxa3+ 47. Ke2 Ra2+ 48. Kf1 Ra1+ 49. Kf2 Rh1 50. hxg5+ hxg5 51. Kg3 Rc1 52. Rb8 Rc4 53. Rf8+ Kg6 54. Kh3 Ra4 55. Rg8+ Kf6 56. Rh8 Kg6 57. Kh2 Rb4 58. Kg3 Ra4 59. Rg8+ Kf6 60. Rd8 Rb4 61. Rd1 Ra4 62. Rd2 Rb4 63. Kh3 Ra4 64. g3 Rb4 65. Re2 Ra4 66. Kg2 Rb4 67. Kf2 Kf5 68. Rc2 Rb5 69. g4+ Kf6 70. Rc3 Rb4 71. Ke3 Ra4 72. Rd3 Rb4 73. Rd4 Rb3+ 74. Ke4 Rb1 75. Rd3 Rb4+ 76. Ke3 Ke5 77. Ra3 Rc4 78. Ra5+ Kf6 79. Ra3 Rb4 80. Rc3 Ra4 81. Rd3 Rb4 82. Rd4 Rb3+ 83. Kf2 Ke5 84. Rd8 Kf6 85. Ke2 Ra3 86. Rd3 Rxd3 87. Kxd3 Ke5 88. Ke3 Kd5 89. Kd3 Ke5 90. Ke3 Kd5 91. Kd3 1/2-1/2

[Event "Daventry 4NCL Easter Open"]
[Site "Daventry"]
[Date "2025.04.19"]
[Round "2.6"]
[White "Raju, Sooraj Menothuparam"]
[Black "Patel, Keatan"]
[Result "1-0"]
[WhiteElo "2309"]
[BlackElo "2040"]
[PlyCount "91"]
[EventDate "2025.04.18"]
[EventType "swiss"]
[EventRounds "7"]
[EventCountry "ENG"]
[SourceTitle "BritBase"]
[Source "John Saunders"]
[SourceDate "2025.09.17"]
[SourceVersion "1"]
[SourceVersionDate "2025.09.17"]
[SourceQuality "1"]

1. e4 e5 2. Nf3 Nc6 3. Nc3 Nf6 4. d4 exd4 5. Nxd4 Bb4 6. Nxc6 bxc6 7. Bd3 O-O 8. O-O d5 9. exd5 cxd5 10. h3 c6 11. Qf3 Bd6 12. Bg5 h6 13. Bh4 Rb8 14. Rab1 Be6 15. Ne2 c5 16. c3 Rb6 17. Rfd1 Re8 18. g4 g5 19. Bg3 Nd7 20. Bxd6 Rxd6 21. Qg3 Rb6 22. f4 f6 23. Bg6 Bf7 24. Bxf7+ Kxf7 25. Rxd5 Rxe2 26. Qd3 Qe8 27. Rxd7+ Re7 28. Qh7+ Kf8 29. Rxe7 Qxe7 30. Qxe7+ Kxe7 31. f5 a5 32. Kf2 Kd6 33. Rd1+ Ke5 34. Ke3 c4 35. b3 cxb3 36. c4 Rd6 37. Rxd6 Kxd6 38. axb3 Kc5 39. Kd3 Kb4 40. Kc2 a4 41. bxa4 Kxc4 42. Kd2 Kd4 43. a5 Kc5 44. Kd3 Kb5 45. Kd4 Kxa5 46. Kd5 1-0

[Event "Daventry 4NCL Easter Open"]
[Site "Daventry"]
[Date "2025.04.19"]
[Round "2.7"]
[White "Gilmore, Simon N"]
[Black "Willmoth, Robert F"]
[Result "0-1"]
[WhiteElo "2039"]
[BlackElo "2248"]
[PlyCount "88"]
[EventDate "2025.04.18"]
[EventType "swiss"]
[EventRounds "7"]
[EventCountry "ENG"]
[SourceTitle "BritBase"]
[Source "John Saunders"]
[SourceDate "2025.09.17"]
[SourceVersion "1"]
[SourceVersionDate "2025.09.17"]
[SourceQuality "1"]

1. e4 d6 2. d4 Nf6 3. Nc3 c6 4. Be3 Nbd7 5. Nf3 e5 6. dxe5 dxe5 7. h3 Bb4 8. Bd3 Bxc3+ 9. bxc3 Qa5 10. Qd2 O-O 11. O-O Nc5 12. Nxe5 Ncxe4 13. Bxe4 Nxe4 14. Qd4 Nxc3 15. Rfe1 Nd5 16. Nc4 Qa4 17. c3 Nxe3 18. Nxe3 Qxd4 19. cxd4 Be6 20. a3 Rfd8 21. Red1 Rd7 22. Rab1 Rad8 23. Kf1 f5 24. Rd2 f4 25. Ng4 Bxg4 26. hxg4 c5 27. Ke2 cxd4 28. Rd3 Kf7 29. Rb5 Ke6 30. Kf3 b6 31. Kxf4 Rd5 32. Rb4 g5+ 33. Ke4 Rf8 34. Rdxd4 Rxd4+ 35. Rxd4 Rxf2 36. g3 Re2+ 37. Kf3 Ra2 38. Rd3 Ke5 39. Ke3 b5 40. Rc3 Kd5 41. Rd3+ Kc4 42. Rd4+ Kc3 43. Rd5 Rxa3 44. Rxg5 Kc4+ 0-1

[Event "Daventry 4NCL Easter Open"]
[Site "Daventry"]
[Date "2025.04.19"]
[Round "2.8"]
[White "Okhai, Shabir"]
[Black "Ganguly, Aryaman"]
[Result "1/2-1/2"]
[WhiteElo "2222"]
[BlackElo "1992"]
[PlyCount "80"]
[EventDate "2025.04.18"]
[EventType "swiss"]
[EventRounds "7"]
[EventCountry "ENG"]
[SourceTitle "BritBase"]
[Source "John Saunders"]
[SourceDate "2025.09.17"]
[SourceVersion "1"]
[SourceVersionDate "2025.09.17"]
[SourceQuality "1"]

1. e4 d5 2. exd5 Qxd5 3. Nc3 Qa5 4. d4 c6 5. Bc4 Nf6 6. Nf3 Bf5 7. Bd2 Qc7 8. Qe2 e6 9. Ne5 Bd6 10. O-O-O Nbd7 11. g4 Bg6 12. f4 O-O-O 13. h4 h5 14. Nxg6 fxg6 15. g5 Nd5 16. Qe4 Nf8 17. Rhf1 Qf7 18. Rde1 Qf5 19. Qf3 Bc7 20. Bd3 Qf7 21. Ne4 Nd7 22. Ng3 Rhe8 23. Qe4 Nf8 24. Bc4 Kb8 25. Bb3 Kc8 26. c3 Kd7 27. Rf3 Ne7 28. Qe3 Nf5 29. Nxf5 gxf5 30. d5 exd5 31. Qxa7 Rxe1+ 32. Bxe1 Re8 33. Bf2 Kc8 34. Bc2 g6 35. Qa8+ Bb8 36. Kd2 Qe7 37. Bd3 Qc7 38. Qa4 Ne6 39. Be3 Qd6 40. Qa5 Qc7 1/2-1/2

[Event "Daventry 4NCL Easter Open"]
[Site "Daventry"]
[Date "2025.04.19"]
[Round "2.9"]
[White "Kothari, Jai"]
[Black "Cast, Julian"]
[Result "1-0"]
[WhiteElo "2204"]
[BlackElo "2006"]
[PlyCount "71"]
[EventDate "2025.04.18"]
[EventType "swiss"]
[EventRounds "7"]
[EventCountry "ENG"]
[SourceTitle "BritBase"]
[Source "John Saunders"]
[SourceDate "2025.09.17"]
[SourceVersion "1"]
[SourceVersionDate "2025.09.17"]
[SourceQuality "1"]

1. e4 d6 2. d4 Nf6 3. Nc3 c6 4. f4 Qa5 5. e5 Ne4 6. Qf3 d5 7. Bd3 Nxc3 8. Bd2 e6 9. bxc3 g6 10. g4 Qa4 11. f5 c5 12. fxg6 hxg6 13. Nh3 Qd7 14. Nf4 Bh6 15. Nxg6 Bxd2+ 16. Kxd2 Rg8 17. Nf4 Qe7 18. h4 Nc6 19. Nh5 Rf8 20. Bb5 Bd7 21. Bxc6 Bxc6 22. Qf6 cxd4 23. Qxe7+ Kxe7 24. cxd4 Rac8 25. Nf6 Ba4 26. c3 b5 27. a3 Rh8 28. g5 Bb3 29. Rab1 Bc4 30. h5 Kf8 31. Rbg1 Kg7 32. g6 Rh6 33. Ng4 Rhh8 34. h6+ Kxg6 35. Nf6+ Kf5 36. Ke3 1-0

[Event "Daventry 4NCL Easter Open"]
[Site "Daventry"]
[Date "2025.04.19"]
[Round "2.10"]
[White "Shivakumar, Akshath"]
[Black "McLean, Robert"]
[Result "0-1"]
[WhiteElo "2007"]
[BlackElo "2197"]
[PlyCount "140"]
[EventDate "2025.04.18"]
[EventType "swiss"]
[EventRounds "7"]
[EventCountry "ENG"]
[SourceTitle "BritBase"]
[Source "John Saunders"]
[SourceDate "2025.09.17"]
[SourceVersion "1"]
[SourceVersionDate "2025.09.17"]
[SourceQuality "1"]

1. d4 d6 2. c4 e5 3. d5 a5 4. Nc3 Na6 5. e4 f5 6. Be2 Nf6 7. exf5 Bxf5 8. a3 Nc5 9. Be3 b6 10. h4 Qd7 11. Nf3 Be7 12. Bxc5 bxc5 13. Nh2 Ne4 14. Nxe4 Bxe4 15. Bg4 Bf5 16. Bxf5 Qxf5 17. Qg4 O-O 18. Qxf5 Rxf5 19. g3 Rb8 20. Rb1 e4 21. O-O Bf6 22. Rfe1 Bd4 23. Rxe4 Bxf2+ 24. Kg2 Bd4 25. Re2 Rb3 26. Re8+ Kf7 27. Rc8 Rf2+ 28. Kh3 Be5 29. Nf1 Rbf3 30. Rxc7+ Kg6 31. Re7 Rxf1 32. Re6+ Kf7 33. Rd1 Re1 34. Rxe1 Rf2 35. Rf1 Rxf1 36. Kg4 a4 37. Kh3 Rf3 38. Kg4 Rxg3+ 39. Kf5 g6+ 40. Ke4 Rg4+ 41. Kd3 Rxh4 42. Ke3 Rxc4 43. Kd3 Rd4+ 44. Kc2 Rxd5 45. Rxe5 dxe5 46. Kc3 Rd4 47. b3 axb3 48. Kxb3 h5 49. a4 Ke6 50. a5 Kd7 51. a6 Kc7 52. a7 Kb7 53. a8=Q+ Kxa8 54. Ka3 h4 55. Kb3 h3 56. Ka3 h2 57. Kb3 g5 58. Ka3 g4 59. Kb3 g3 60. Ka3 g2 61. Kb3 e4 62. Kc3 e3 63. Kb3 e2 64. Kc3 h1=N 65. Kb3 g1=B 66. Kc3 e1=Q+ 67. Kb3 Qe3+ 68. Kb2 Rd2+ 69. Kb1 c4 70. Kc1 Qe1# 0-1

[Event "Daventry 4NCL Easter Open"]
[Site "Daventry"]
[Date "2025.04.19"]
[Round "2.11"]
[White "Ward, Cian"]
[Black "Pilley, Jack"]
[Result "0-1"]
[WhiteElo "1993"]
[BlackElo "2145"]
[PlyCount "116"]
[EventDate "2025.04.18"]
[EventType "swiss"]
[EventRounds "7"]
[EventCountry "ENG"]
[SourceTitle "BritBase"]
[Source "John Saunders"]
[SourceDate "2025.09.17"]
[SourceVersion "1"]
[SourceVersionDate "2025.09.17"]
[SourceQuality "1"]

1. e4 c6 2. Nc3 d5 3. Nf3 Bg4 4. h3 Bxf3 5. Qxf3 e6 6. g3 Nd7 7. Bg2 d4 8. Nb1 h5 9. d3 h4 10. g4 e5 11. O-O Ne7 12. Qe2 Ng6 13. c3 Nc5 14. Rd1 Ne6 15. Qc2 Be7 16. b3 dxc3 17. Nxc3 Nd4 18. Qb2 Qd7 19. Be3 Rd8 20. Ne2 Bc5 21. Rab1 a5 22. Nxd4 Bxd4 23. Qd2 Qc7 24. Rbc1 Nf8 25. Rc2 Ne6 26. Kh1 f6 27. b4 axb4 28. Qxb4 Qe7 29. Qc4 O-O 30. Rb1 Kh8 31. Bf1 Ra8 32. a4 Rfd8 33. Be2 Qd7 34. Qb3 Ra7 35. Rc4 Rda8 36. Kg2 c5 37. Qc2 Rxa4 38. Rxa4 Qxa4 39. Qxa4 Rxa4 40. Rxb7 Ra2 41. Kf3 Bxe3 42. Kxe3 Nf4 43. Bf3 Nxh3 44. Rc7 Rc2 45. g5 Nxg5 46. Bh5 Kh7 47. Bg4 Kh6 48. Rc8 Nf7 49. Rf8 Nd6 50. Kf3 c4 51. Rh8+ Kg5 52. Rh5+ Kg6 53. dxc4 Rxc4 54. Rxh4 Rxe4 55. Rh1 f5 56. Bh3 Kf6 57. Rd1 Rf4+ 58. Kg3 Ne4+ 0-1

[Event "Daventry 4NCL Easter Open"]
[Site "Daventry"]
[Date "2025.04.19"]
[Round "2.12"]
[White "Dilley, Jason M"]
[Black "De Silva, Sithun"]
[Result "1/2-1/2"]
[WhiteElo "2143"]
[BlackElo "1920"]
[PlyCount "89"]
[EventDate "2025.04.18"]
[EventType "swiss"]
[EventRounds "7"]
[EventCountry "ENG"]
[SourceTitle "BritBase"]
[Source "John Saunders"]
[SourceDate "2025.09.17"]
[SourceVersion "1"]
[SourceVersionDate "2025.09.17"]
[SourceQuality "1"]

1. d4 d5 2. c4 c6 3. Nc3 Nf6 4. e3 e6 5. Nf3 Nbd7 6. Bd3 dxc4 7. Bxc4 b5 8. Bd3 Bb7 9. O-O a6 10. Qe2 c5 11. b3 Rc8 12. Bb2 Be7 13. Rfd1 Qb6 14. Ne5 O-O 15. Nxd7 Nxd7 16. d5 exd5 17. Bf5 Rcd8 18. Nxd5 Bxd5 19. Rxd5 Nf6 20. Rxd8 Rxd8 21. Rd1 Ne8 22. Rxd8 Qxd8 23. Qd3 Qxd3 24. Bxd3 Bf6 25. Ba3 b4 26. Bc1 Nc7 27. Kf1 Nb5 28. Ke1 Nc3 29. Bxa6 Nxa2 30. Bd2 Nc3 31. Bxc3 Bxc3+ 32. Ke2 Kf8 33. Kd3 Ke7 34. Ke4 Kd6 35. Bc4 f6 36. Bg8 h6 37. Kf5 Be1 38. f4 Bd2 39. Kg6 Bxe3 40. Kxg7 Bxf4 41. g3 Bg5 42. h4 Be3 43. Kxf6 Bf2 44. Kg6 Bxg3 45. Kxh6 1/2-1/2

[Event "Daventry 4NCL Easter Open"]
[Site "Daventry"]
[Date "2025.04.19"]
[Round "2.13"]
[White "Burton, Sean"]
[Black "Ansari, Athar"]
[Result "1/2-1/2"]
[WhiteElo "1904"]
[BlackElo "2077"]
[PlyCount "110"]
[EventDate "2025.04.18"]
[EventType "swiss"]
[EventRounds "7"]
[EventCountry "ENG"]
[SourceTitle "BritBase"]
[Source "John Saunders"]
[SourceDate "2025.09.17"]
[SourceVersion "1"]
[SourceVersionDate "2025.09.17"]
[SourceQuality "1"]

1. e4 g6 2. d4 Bg7 3. Nc3 d6 4. Nf3 Nd7 5. Be2 e6 6. O-O Ne7 7. Be3 O-O 8. Qd2 a6 9. a4 Qe8 10. a5 f5 11. Rfe1 Nf6 12. exf5 exf5 13. d5 Ne4 14. Nxe4 fxe4 15. Ng5 Nf5 16. Bc4 Bh6 17. Bf4 Bxg5 18. Bxg5 Qe5 19. c3 Re8 20. Rad1 Bd7 21. Bb3 Qg7 22. Bc2 h6 23. Be3 Re7 24. Bd4 Nxd4 25. Qxd4 Rae8 26. Re3 Bf5 27. Qa7 Qf8 28. b4 Bc8 29. Qd4 Bf5 30. Rde1 Re5 31. Bxe4 Bxe4 32. Rxe4 Qf5 33. f3 R8e7 34. Rxe5 dxe5 35. d6 cxd6 36. Qxd6 Kf7 37. Re4 h5 38. Qd5+ Qe6 39. Qxe6+ Rxe6 40. Kf2 Kf6 41. Ke2 Rd6 42. Rc4 Rd7 43. Rc5 Kf5 44. g3 g5 45. Rc8 g4 46. Rf8+ Kg5 47. f4+ exf4 48. gxf4+ Kh4 49. Rh8 Rc7 50. Kd3 Rd7+ 51. Ke3 Re7+ 52. Kd3 Rd7+ 53. Ke3 Rc7 54. Kd3 Rd7+ 55. Ke3 Re7+ 1/2-1/2

[Event "Daventry 4NCL Easter Open"]
[Site "Daventry"]
[Date "2025.04.19"]
[Round "2.14"]
[White "Gunarathne, Senith"]
[Black "Li, Reya"]
[Result "1-0"]
[WhiteElo "2064"]
[BlackElo "1895"]
[PlyCount "57"]
[EventDate "2025.04.18"]
[EventType "swiss"]
[EventRounds "7"]
[EventCountry "ENG"]
[SourceTitle "BritBase"]
[Source "John Saunders"]
[SourceDate "2025.09.17"]
[SourceVersion "1"]
[SourceVersionDate "2025.09.17"]
[SourceQuality "1"]

1. e4 e5 2. Nf3 Nc6 3. Bc4 Bc5 4. Nc3 Nf6 5. d3 d6 6. Bg5 h6 7. Bxf6 Qxf6 8. Nd5 Qd8 9. c3 Ne7 10. d4 exd4 11. cxd4 Nxd5 12. dxc5 Nf4 13. g3 Ng6 14. cxd6 Qxd6 15. Bb5+ Ke7 16. Qxd6+ Kxd6 17. O-O-O+ Ke7 18. Nd4 c6 19. Ba4 h5 20. Nf5+ Kf6 21. Bc2 Bxf5 22. exf5 Ne5 23. f4 Ng4 24. Rd7 Rab8 25. Rhd1 g6 26. fxg6 Kg7 27. Rxf7+ Kh6 28. Rd6 Rhd8 29. Rh7# 1-0

[Event "Daventry 4NCL Easter Open"]
[Site "Daventry"]
[Date "2025.04.19"]
[Round "2.15"]
[White "Attwell, Ben"]
[Black "Sullivan, Daniel JS"]
[Result "1-0"]
[WhiteElo "1882"]
[BlackElo "2050"]
[PlyCount "85"]
[EventDate "2025.04.18"]
[EventType "swiss"]
[EventRounds "7"]
[EventCountry "ENG"]
[SourceTitle "BritBase"]
[Source "John Saunders"]
[SourceDate "2025.09.17"]
[SourceVersion "1"]
[SourceVersionDate "2025.09.17"]
[SourceQuality "1"]

1. e4 c5 2. Nf3 Nc6 3. Bb5 Nf6 4. e5 Nd5 5. Nc3 Nc7 6. Bxc6 dxc6 7. d3 Bg4 8. h3 Bh5 9. Be3 e6 10. Ne4 Nd5 11. Qd2 Nxe3 12. Qxe3 Bxf3 13. gxf3 Qd4 14. Qxd4 cxd4 15. Rg1 O-O-O 16. Ke2 Kc7 17. Nd6 Rd7 18. Ne8+ Kb6 19. Nxg7 h5 20. Rg5 Be7 21. Rxh5 Rg8 22. Rh7 Bd8 23. Nxe6 Rd5 24. Nxd8 Rxe5+ 25. Kf1 Reg5 26. Ke2 Rxd8 27. f4 Rb5 28. b3 Rc5 29. Rc1 Rf5 30. Kf3 Rd6 31. Re1 Rc5 32. Re2 Rf6 33. h4 Ra5 34. a4 Rc5 35. h5 Kc7 36. Re7+ Kb6 37. Rexf7 Rxf7 38. Rxf7 Rxh5 39. f5 Kc5 40. Kg4 Rh1 41. Rxb7 Rc1 42. f6 Rxc2 43. Kg3 1-0

[Event "Daventry 4NCL Easter Open"]
[Site "Daventry"]
[Date "2025.04.19"]
[Round "2.16"]
[White "Hertog, Alexander"]
[Black "Jones, Steven A"]
[Result "0-1"]
[WhiteElo "2015"]
[BlackElo "2291"]
[PlyCount "76"]
[EventDate "2025.04.18"]
[EventType "swiss"]
[EventRounds "7"]
[EventCountry "ENG"]
[SourceTitle "BritBase"]
[Source "John Saunders"]
[SourceDate "2025.09.17"]
[SourceVersion "1"]
[SourceVersionDate "2025.09.17"]
[SourceQuality "1"]

1. d4 Nf6 2. c4 g6 3. Nf3 Bg7 4. g3 c6 5. Bg2 d5 6. Nbd2 O-O 7. b3 a5 8. O-O a4 9. a3 Ne4 10. Bb2 Bf5 11. b4 Nd7 12. Nh4 Nxd2 13. Qxd2 Be6 14. c5 Nf6 15. Nf3 Ne4 16. Qe3 Qc8 17. Ng5 Bh6 18. f4 Bxg5 19. fxg5 Bh3 20. Bxe4 Bxf1 21. Rxf1 Qe6 22. Rf4 f5 23. gxf6 exf6 24. Bxd5 Qxd5 25. Re4 Qf7 26. d5 Qxd5 27. Re6 Rad8 28. Rxf6 Qd1+ 29. Kg2 Rfe8 30. Qc3 Rxe2+ 31. Kh3 Qd7+ 32. g4 Qd3+ 33. Rf3 Qxc3 34. Bxc3 Rde8 35. Kg3 R8e3 36. b5 cxb5 37. h4 Rxf3+ 38. Kxf3 Rc2 0-1

[Event "Daventry 4NCL Easter Open"]
[Site "Daventry"]
[Date "2025.04.19"]
[Round "2.17"]
[White "Miller, George I"]
[Black "Cox, Tristan A"]
[Result "0-1"]
[WhiteElo "1950"]
[BlackElo "2181"]
[PlyCount "58"]
[EventDate "2025.04.18"]
[EventType "swiss"]
[EventRounds "7"]
[EventCountry "ENG"]
[SourceTitle "BritBase"]
[Source "John Saunders"]
[SourceDate "2025.09.17"]
[SourceVersion "1"]
[SourceVersionDate "2025.09.17"]
[SourceQuality "1"]

1. e4 g6 2. c4 Bg7 3. Nc3 c5 4. g3 Nc6 5. Bg2 e6 6. Nge2 Nge7 7. d3 O-O 8. O-O b6 9. Rb1 Bb7 10. a3 a5 11. b3 Nd4 12. Nxd4 cxd4 13. Ne2 d5 14. Bb2 dxe4 15. dxe4 e5 16. f4 exf4 17. Nxf4 Rc8 18. Qd2 a4 19. Qb4 axb3 20. Nd5 Nxd5 21. cxd5 Ba6 22. Rfc1 Bd3 23. Rxc8 Qxc8 24. Rc1 Bc2 25. Qxb6 d3 26. Bxg7 Kxg7 27. Qd4+ Kg8 28. Bf3 Qa6 29. Ra1 Rb8 0-1

[Event "Daventry 4NCL Easter Open"]
[Site "Daventry"]
[Date "2025.04.19"]
[Round "2.18"]
[White "Varley, Joe"]
[Black "Manisse, Pierre-Damien"]
[Result "1-0"]
[WhiteElo "2098"]
[BlackElo "1970"]
[PlyCount "121"]
[EventDate "2025.04.18"]
[EventType "swiss"]
[EventRounds "7"]
[EventCountry "ENG"]
[SourceTitle "BritBase"]
[Source "John Saunders"]
[SourceDate "2025.09.17"]
[SourceVersion "1"]
[SourceVersionDate "2025.09.17"]
[SourceQuality "1"]

1. e4 c6 2. d4 d5 3. e5 c5 4. Nf3 Nc6 5. dxc5 Bg4 6. c3 Bxf3 7. Qxf3 Nxe5 8. Bb5+ Nc6 9. c4 Nf6 10. Nc3 e6 11. Bg5 Be7 12. Bxf6 Bxf6 13. cxd5 Bxc3+ 14. Qxc3 Qxd5 15. O-O O-O 16. Rfd1 Qg5 17. Rd7 Nd8 18. Rad1 Rc8 19. b4 a5 20. a3 axb4 21. axb4 b6 22. h4 Qxh4 23. Ba6 Ra8 24. c6 Nxc6 25. Bb7 Ra4 26. Qxc6 Rxb4 27. Qd6 g6 28. g3 Qg4 29. Bf3 Qc4 30. Be2 Qc3 31. Qe7 Qc5 32. Qxc5 bxc5 33. Rc7 Re4 34. Bf3 Re5 35. Rdd7 h5 36. Bd1 Kg7 37. f4 Rf5 38. Bb3 Rf6 39. Kg2 Kg8 40. Kh3 Kg7 41. Bc4 Re8 42. Rxc5 Kg8 43. Rcc7 Kg7 44. Bd3 Ra8 45. Re7 Ra3 46. Rcd7 Rc3 47. Rd8 e5 48. Rxe5 Rc7 49. Red5 Re6 50. R5d7 Re7 51. Rxe7 Rxe7 52. Bc4 Rc7 53. Bd5 Ra7 54. Rb8 Re7 55. Rb7 Rxb7 56. Bxb7 f6 57. f5 g5 58. Ba6 Kf7 59. Be2 Ke7 60. Bxh5 Kd6 61. Kg4 1-0

[Event "Daventry 4NCL Easter Open"]
[Site "Daventry"]
[Date "2025.04.19"]
[Round "2.19"]
[White "Deighan, Matthew J"]
[Black "Sasikumar, Srivathsan"]
[Result "0-1"]
[WhiteElo "1811"]
[BlackElo "2058"]
[PlyCount "60"]
[EventDate "2025.04.18"]
[EventType "swiss"]
[EventRounds "7"]
[EventCountry "ENG"]
[SourceTitle "BritBase"]
[Source "John Saunders"]
[SourceDate "2025.09.17"]
[SourceVersion "1"]
[SourceVersionDate "2025.09.17"]
[SourceQuality "1"]

1. e4 c5 2. Nf3 Nc6 3. Bb5 e6 4. O-O Nge7 5. Re1 a6 6. Bf1 Ng6 7. c3 Be7 8. d4 cxd4 9. cxd4 d5 10. Nc3 O-O 11. exd5 exd5 12. Qb3 Be6 13. Be3 Rb8 14. a4 Qd7 15. Rad1 Rbd8 16. Rc1 Bf5 17. Ne2 Na5 18. Qd1 Nc4 19. b3 Nb2 20. Qd2 Nd3 21. Ng3 Bb4 22. Bxd3 Bxd2 23. Bxf5 Bxe3 24. Bxd7 Bxc1 25. Rxc1 Rxd7 26. Rc5 Re8 27. Nf5 f6 28. g3 Ne7 29. Ne3 Rc8 30. Nxd5 Rxd5 0-1

[Event "Daventry 4NCL Easter Open"]
[Site "Daventry"]
[Date "2025.04.19"]
[Round "2.20"]
[White "Gordon, Sean"]
[Black "Richmond, Frank"]
[Result "0-1"]
[WhiteElo "2050"]
[BlackElo "1944"]
[PlyCount "76"]
[EventDate "2025.04.18"]
[EventType "swiss"]
[EventRounds "7"]
[EventCountry "ENG"]
[SourceTitle "BritBase"]
[Source "John Saunders"]
[SourceDate "2025.09.17"]
[SourceVersion "1"]
[SourceVersionDate "2025.09.17"]
[SourceQuality "1"]

1. Nf3 Nf6 2. c4 e6 3. g3 d5 4. Bg2 Be7 5. O-O O-O 6. b3 c5 7. cxd5 Nxd5 8. Bb2 Nc6 9. Na3 Bf6 10. Bxf6 Nxf6 11. Nc4 Qc7 12. Rc1 e5 13. d3 Be6 14. Qc2 h6 15. Qb2 Bxc4 16. Rxc4 Qd6 17. Rfc1 Nd7 18. a3 Rac8 19. b4 Nb6 20. Re4 cxb4 21. axb4 f5 22. Qb3+ Rf7 23. Rxc6 bxc6 24. Rxe5 Nd5 25. e4 Qxb4 26. Qa2 fxe4 27. dxe4 Nb6 28. Bf1 Rcf8 29. Qe6 Kh7 30. Rf5 Rxf5 31. exf5 Rf6 32. Qa2 a5 33. Bd3 c5 34. Nh4 c4 35. Bf1 a4 36. Qe2 Nd7 37. Qe8 Nf8 38. Qc8 Qb1 0-1

[Event "Daventry 4NCL Easter Open"]
[Site "Daventry"]
[Date "2025.04.19"]
[Round "3.1"]
[White "Mahadevan, Siva"]
[Black "Vaidyanathan, Adithya"]
[Result "1-0"]
[WhiteElo "2517"]
[BlackElo "2287"]
[PlyCount "101"]
[EventDate "2025.04.18"]
[EventType "swiss"]
[EventRounds "7"]
[EventCountry "ENG"]
[SourceTitle "BritBase"]
[Source "John Saunders"]
[SourceDate "2025.09.17"]
[SourceVersion "1"]
[SourceVersionDate "2025.09.17"]
[SourceQuality "1"]

1. Nf3 c5 2. e3 g6 3. d4 cxd4 4. exd4 Nf6 5. Bd3 Bg7 6. O-O O-O 7. Re1 Nc6 8. c3 d5 9. h3 Qd6 10. Bg5 Nd7 11. Nbd2 Re8 12. Bh4 e6 13. a4 b6 14. b4 a6 15. Nb3 Bb7 16. Bg3 Qf8 17. Ra2 e5 18. dxe5 Ndxe5 19. Nxe5 Nxe5 20. Rae2 Nxd3 21. Qxd3 Rxe2 22. Rxe2 Qc8 23. Re7 Bc6 24. a5 b5 25. Qf3 Qf8 26. Rc7 Qe8 27. Nc5 Rc8 28. Rxc8 Qxc8 29. Qe3 Qe8 30. Qd2 Qa8 31. f3 Bf8 32. Bf2 Qc8 33. Qf4 Bg7 34. Bd4 Bxd4+ 35. cxd4 Kg7 36. Qe5+ Kg8 37. Kf2 Bb7 38. g4 Qc6 39. Qb8+ Bc8 40. Qb6 Qe8 41. Qd6 Qf8 42. Qxd5 Qe7 43. Qc6 Qh4+ 44. Kg2 Qd8 45. d5 Kf8 46. d6 Be6 47. d7 Ke7 48. Qxa6 Qb8 49. Nxe6 Kxd7 50. Nc5+ Ke8 51. Qc6+ 1-0